| 000 | 00756nam a2200229 a 4500 | ||
|---|---|---|---|
| 001 | 000006756 | ||
| 003 | DO-SdBNP | ||
| 005 | 20260304085434.0 | ||
| 008 | 090902s2005 dr r 000 0 spa d | ||
| 040 |
_aDO-SdBNP _bspa _cBNPHU |
||
| 082 |
_aRD861.44 _bC794j |
||
| 100 | 1 |
_aCordero, Ellis, _d1944- _918803 |
|
| 245 | 1 | 3 |
_aEl Dr. José Francisco Peña Gómez en la poesía / _cEllis Cordero. |
| 260 |
_aSanto Domingo : _bBúho, _c2005. |
||
| 300 |
_a104 p. ; _c18 cm. |
||
| 590 | _aInventariado, 2018/BT | ||
| 600 | 1 | 0 |
_aPeña Gomez, Jose Francisco , _d1937-1998 _xCrítica e interpretación _92994 |
| 650 | 7 |
_aPoesía dominicana _966 _2LEMB |
|
| 650 | 7 |
_aLiteratura dominicana. _967 _2LEMB |
|
| 910 | _aValidado. Control de calidad MFF | ||
| 942 |
_2ddc _cLBS1 |
||
| 999 |
_c6544 _d6544 |
||